000 00392pab a2200157 454500
008 180718b xxu||||| |||| 00| 0 eng d
100 _aShort, James F.
245 _aGangs, neighborhoods and youth crime
650 _a Youth
650 _a Gang
650 _a Delinquency
650 _a Crime
650 _aJuvenile Delinquency
773 _aCriminal Justice Research Bulletin
909 _a3110
999 _c3110
_d3110